书目信息 |
| 题名: |
资产评估
|
|
| 作者: | 姜楠 , 王景升 主编 | |
| 分册: | ||
| 出版信息: | 大连 东北财经大学出版社 2019.10 |
|
| 页数: | 360页 | |
| 开本: | 24cm | |
| 丛书名: | 东北财经大学财务管理专业系列教材 | |
| 单 册: | ||
| 中图分类: | F20 | |
| 科图分类: | ||
| 主题词: | 资产评估--zi chan ping gu--高等学校--教材 | |
| 电子资源: | ||
| ISBN: | 978-7-5654-3693-2 | |
| 000 | 01130oam2 2200313 450 | |
| 001 | 2131738464 | |
| 005 | 20211003090722.28 | |
| 010 | @a978-7-5654-3693-2@dCNY48.00 | |
| 100 | @a20200422d2019 em y0chiy0120 ea | |
| 101 | 0 | @achi |
| 102 | @aCN@b210000 | |
| 105 | @ak z 000yy | |
| 106 | @ar | |
| 200 | 1 | @a资产评估@Azi chan ping gu@dValuation@f姜楠, 王景升主编@zeng |
| 205 | @a5版 | |
| 210 | @a大连@c东北财经大学出版社@d2019.10 | |
| 215 | @a360页@c表格@d24cm | |
| 225 | 2 | @a东北财经大学财务管理专业系列教材@Adong bei cai jing da xue cai wu guan li zhuan ye xi lie jiao cai |
| 300 | @a省级精品课程教材 | |
| 330 | @a本书包含了资产评估基本理论、资产评估技术方法、资产评估程序、资产评估实务应用和资产评估管理等系统性教学内容。 | |
| 333 | @a资产评估研究者、相关领域学者、专业师生、从业者及相关读者。 | |
| 461 | 0 | @12001 @a东北财经大学财务管理专业系列教材 |
| 510 | 1 | @aValuation@zeng |
| 606 | 0 | @a资产评估@Azi chan ping gu@x高等学校@j教材 |
| 690 | @aF20@v5 | |
| 701 | 0 | @a姜楠@Ajiang nan@4主编 |
| 701 | 0 | @a王景升@Awang jing sheng@4主编 |
| 801 | 0 | @aCN@b百万庄@c20210929 |
| 905 | @b1303474-77@dF20@e105=5@f4 | |
| 资产评估=Valuation/姜楠, 王景升主编.-5版.-大连:东北财经大学出版社,2019.10 |
| 360页:表格;24cm.-(东北财经大学财务管理专业系列教材) |
| 省级精品课程教材.-使用对象:资产评估研究者、相关领域学者、专业师生、从业者及相关读者。 |
| ISBN 978-7-5654-3693-2:CNY48.00 |
| 本书包含了资产评估基本理论、资产评估技术方法、资产评估程序、资产评估实务应用和资产评估管理等系统性教学内容。 |
| ● |
| 相关链接 |
|
|
|
|
正题名:资产评估
索取号:F20/105=5
 
预约/预借
| 序号 | 登录号 | 条形码 | 馆藏地/架位号 | 状态 | 备注 |
| 1 | 1303474 | 213034740 | 第一样本阅览室/ [索取号:F20/105=5] | 在馆 | |
| 2 | 1303475 | 213034759 | 第一借阅区/ [索取号:F20/105=5] | 在馆 | |
| 3 | 1303476 | 213034768 | 第一借阅区/ [索取号:F20/105=5] | 在馆 | |
| 4 | 1303477 | 213034777 | 第一借阅区/ [索取号:F20/105=5] | 在馆 |